BIBLIOTECA

SENCICO

Administración para ingenieros (Registro nro. 1545)

Detalles MARC
000 -LEADER
fixed length control field 00630nam a2200253Ia 4500
005 - DATE AND TIME OF LATEST TRANSACTION
control field 20251020182514.0
008 - FIXED-LENGTH DATA ELEMENTS--GENERAL INFORMATION
fixed length control field 200515s9999 xx 000 0 und d
020 ## - INTERNATIONAL STANDARD BOOK NUMBER
International Standard Book Number 958-64-8361-4
082 ## - DEWEY DECIMAL CLASSIFICATION NUMBER
Classification number 658.41/R77
100 ## - MAIN ENTRY--PERSONAL NAME
Personal name Rojas López, Miguel David
245 #0 - TITLE STATEMENT
Title Administración para ingenieros
250 ## - EDITION STATEMENT
Edition statement 2a ed.
260 ## - PUBLICATION, DISTRIBUTION, ETC.
Place of publication, distribution, etc. Bogotá
260 ## - PUBLICATION, DISTRIBUTION, ETC.
Name of publisher, distributor, etc. Ecoe Ediciones
260 ## - PUBLICATION, DISTRIBUTION, ETC.
Date of publication, distribution, etc. 2004
300 ## - PHYSICAL DESCRIPTION
Other physical details il.; tbls.
490 ## - SERIES STATEMENT
Series statement Textos Universitarios. Area: Ingeniería
500 ## - GENERAL NOTE
General note 1 ejemplar
650 ## - SUBJECT ADDED ENTRY--TOPICAL TERM
Topical term or geographic name entry element ADMINISTRACION DE EMPRESAS
650 ## - SUBJECT ADDED ENTRY--TOPICAL TERM
Topical term or geographic name entry element EMPRESAS
650 ## - SUBJECT ADDED ENTRY--TOPICAL TERM
Topical term or geographic name entry element INGENIERIA
942 ## - ADDED ENTRY ELEMENTS (KOHA)
Koha item type Libros
Existencias
Fecha de la última vez que lo usaron Pago total Signatura topográfica completa Código de barras Precio efectivo desde Tipo de documento Estado perdido Estado dañado No es para préstamo Retirado Ubicación permanente Ubicación actual Fecha de adquisición
15/05/2020   658.41/R77 Bib-Lima15051545 15/05/2020 Libros         Biblioteca Central Lima Biblioteca Central Lima 15/05/2020